STATISTICS FOR BEHAVIORAL SCIENCES (Record no. 215919)
[ view plain ]
| 000 -LEADER | |
|---|---|
| fixed length control field | 00491nam a22001817a 4500 |
| 008 - FIXED-LENGTH DATA ELEMENTS--GENERAL INFORMATION | |
| fixed length control field | 250717b |||||||| |||| 00| 0 eng d |
| 020 ## - INTERNATIONAL STANDARD BOOK NUMBER | |
| International Standard Book Number | 978-0-495-60294-1 |
| 100 ## - MAIN ENTRY--PERSONAL NAME | |
| Personal name | GRAVETTER FREDERICK J. |
| 245 ## - TITLE STATEMENT | |
| Title | STATISTICS FOR BEHAVIORAL SCIENCES |
| 250 ## - EDITION STATEMENT | |
| Edition statement | 8TH ED. |
| 260 ## - PUBLICATION, DISTRIBUTION, ETC. | |
| Place of publication, distribution, etc. | NEW YORK |
| Name of publisher, distributor, etc. | CENGAGE |
| Date of publication, distribution, etc. | 2009 |
| 300 ## - PHYSICAL DESCRIPTION | |
| Extent | XXI,783P. |
| 500 ## - GENERAL NOTE | |
| General note | INCLUDES AN INDEX |
| 650 ## - SUBJECT ADDED ENTRY | |
| Topical term or geographic name entry element | PSYCHOLOGY-STATISTICAL METHODS |
| 700 ## - ADDED ENTRY--PERSONAL NAME | |
| Personal name | LARRY B. WALLNAU |
| 942 ## - ADDED ENTRY ELEMENTS (KOHA) | |
| Source of classification or shelving scheme | Library of Congress Classification |
| Koha item type | Long Loan Book |
| Withdrawn status | Lost status | Source of classification or shelving scheme | Damaged status | Not for loan | Collection | Home library | Current library | Shelving location | Date acquired | Inventory number | Total checkouts | Full call number | Barcode | Date last seen | Date last checked out | Copy number | Price effective from | Koha item type | Total renewals |
|---|---|---|---|---|---|---|---|---|---|---|---|---|---|---|---|---|---|---|---|
| Library of Congress Classification | Arts & Social Sciences | Kisii University Library | Kisii University Library | On Display | 07/17/2025 | 109128 | 1 | BF 39 .G73 2009 | 000000019084 | 04/04/2026 | 03/19/2026 | 1 | 07/17/2025 | Long Loan Book | |||||
| Library of Congress Classification | Arts & Social Sciences | Kisii University Library | Kisii University Library | On Display | 07/17/2025 | 109129 | BF 39 .G73 2009 | 000000019083 | 07/17/2025 | 2 | 07/17/2025 | Long Loan Book | |||||||
| Library of Congress Classification | Arts & Social Sciences | Kisii University Library | Kisii University Library | On Display | 07/17/2025 | 109130 | 1 | BF 39 .G73 2009 | 000000019082 | 04/16/2026 | 04/02/2026 | 3 | 07/17/2025 | Long Loan Book | |||||
| Library of Congress Classification | Arts & Social Sciences | Kisii University Library | Kisii University Library | On Display | 07/17/2025 | 109131 | 1 | BF 39 .G73 2009 | 000000019081 | 03/30/2026 | 03/05/2026 | 4 | 07/17/2025 | Long Loan Book | 1 | ||||
| Library of Congress Classification | Arts & Social Sciences | Kisii University Library | Kisii University Library | On Display | 07/17/2025 | 109132 | 1 | BF 39 .G73 2009 | 000000019080 | 03/04/2026 | 02/26/2026 | 5 | 07/17/2025 | Long Loan Book |